000
00241 a2200097 4500
020
_a
9788126407538
100
_a
Leena M. A., ed.
245
_a
Nattubhakshanam(നാട്ടുഭക്ഷണം)
260
_b
D C books
_c
2025
942
_c
OO
999
_c
115318
_d
115317